Tamquam agnus

Podrobná bibliografia
Hlavný autor: Vittoria, T.L. da (skl)
Médium: Článok
Jazyk:latinčina
ISBN:8088893224
Predmet:

MARC

LEADER 00000nab a2200000 a 4500
001 vtls000700708
003 SK-MaSNL
005 20260302195213.0
008 160414s1998 xo 0 lat
015 |a SNBRH1999/02-01994 
035 |a CLN000052875 
040 |a SNKBUCL  |b slo  |c SNKBUCL  |e AACR2 
041 0 |a lat 
044 |a xo  |c SK 
080 |a 784.12.087.681:78.087.5  |2 1997 
080 |a 78.087.5  |2 1997 
100 1 |a Vittoria, T.L. da  |4 skl  |9 916381 
245 1 0 |a Tamquam agnus  |c T. L. da Vittoria  |h hudobnina 
650 0 7 |a zborová inštruktívna tvorba (detské spevácke zbory)  |2 snkbucl  |9 17164 
773 0 |w SK01SNK19990320023  |z 8088893224  |t Canto  |a Žakovič, Ivan  |a Svitek, Jozef  |d Bratislava : Iuvent a, 1998  |g S. 11-12 
850 |a Slovenská národná knižnica v Martine 
852 |a SNK  |b KIS3GCP 
924 |a zbory spevácke detské 
958 |a TL 
958 |a RZH 
999 |c 1451687  |d 1453617